|
|
|
|
| LEADER |
00000nam a2200000 a 4500 |
| 001 |
vtls009278771 |
| 003 |
SK-MaSNL |
| 005 |
20260301170738.0 |
| 007 |
co bg anuua |
| 008 |
080326s2007 xo a fs 100 0 slo |
| 015 |
|
|
|a SNBS2008/02-00689
|
| 020 |
|
|
|a 9788022524315 (elektronická kniha)
|
| 040 |
|
|
|a SNK
|b slo
|c SNK
|e AACR2
|
| 041 |
0 |
|
|a slo
|a cze
|b slo
|b cze
|
| 044 |
|
|
|a xo
|c SK
|
| 072 |
|
7 |
|a 377
|x Odborné vzdelávanie
|2 konspekt
|
| 080 |
|
|
|a 377
|2 2001
|
| 080 |
|
|
|a 377:33
|2 2001
|
| 080 |
|
|
|a 330:341.1
|2 2001
|
| 080 |
|
|
|a 331.5
|2 2001
|
| 080 |
|
|
|a (062.534)
|2 2001
|
| 080 |
|
|
|a (0.034.44)
|2 2001
|
| 245 |
0 |
0 |
|a Inovácie v ekonomickom vzdelávaní
|h elektronický zdroj
|b zborník príspevkov z medzinárodnej vedeckej konferencie ... Bratislava, 19.11.2007
|
| 260 |
|
|
|a Bratislava
|b Ekonomická univerzita
|c 2007
|
| 300 |
|
|
|a 1 elektronický optický disk (CD-ROM)
|b ilustr.
|c 12 cm
|
| 500 |
|
|
|a Názov z titulnej obrazovky
|
| 516 |
|
|
|a Textový dokument (zborník), 1 súbor vo formáte pdf
|
| 538 |
|
|
|a Technické požiadavky: Adobe Reader 7.0
|
| 650 |
0 |
7 |
|a odborné vzdelávanie
|2 SNKPH
|9 4335
|
| 650 |
0 |
7 |
|a ekonomické vzdelávanie
|2 SNKPH
|9 71679
|
| 650 |
0 |
7 |
|a trh práce
|2 SNKPH
|9 2371
|
| 655 |
|
7 |
|a elektronické zdroje
|2 SNKPH
|9 90954
|
| 655 |
|
7 |
|a CD-ROM
|2 SNKPH
|9 70236
|
| 655 |
|
7 |
|a zborníky konferencií
|2 SNKPH
|9 70153
|
| 919 |
|
|
|a 978-80-225-2431-5
|
| 999 |
|
|
|c 828598
|d 830528
|
| 952 |
|
|
|a SNK
|b SNK
|y PREZ
|7 0
|p 17A0583804
|o snkSCDM 1830
|i snk2008/6893
|8 0
|0 0
|1 0
|4 0
|d 2008-03-26
|l 0
|r 2026-02-24 03:29:10
|w 2026-02-24
|
| 952 |
|
|
|t snkINO 377:33
|a SNKMST
|b SNKMST
|y PREZ
|7 0
|p 17A0583805
|o snkSCDM 1830 D1
|i snk2008/6894
|8 0
|0 0
|1 0
|4 0
|d 2008-03-26
|l 0
|r 2025-08-11 00:00:00
|w 2026-02-24
|